| 000 | 01404nam a22002417a 4500 | ||
|---|---|---|---|
| 999 |
_c60393 _d60393 |
||
| 003 | Ge_BSU | ||
| 005 | 20230711132701.0 | ||
| 008 | 230711s1999ge xxu||||| |||| 00| 0 geo d | ||
| 020 | _a9992865520 | ||
| 041 | _ageo | ||
| 080 | _a94(394.55) გ-51 | ||
| 100 |
_aგიორგაძე, გრიგოლ, ავტორი. _919236 |
||
| 245 |
_aხეთოლოგიური და ქართველოლოგიური ძიებანი / _cგრიგოლ გიორგაძე ; [რედ: მ. ინაძე, ი. ტატიშვილი]. |
||
| 264 |
_aთბილისი : _bლოგოსი, _c1999. |
||
| 300 |
_a218გვ . ; _b24 სმ. |
||
| 504 | _aბიბლიოგრ. ტექსტის შენიშვნ. | ||
| 546 | _aთავფ. ქართ. და ინგლ. ენ. ტექსტი ქართ., ინგლ., რუს. და გერმ. ენ. | ||
| 653 | _aხეთების ისტორია. საქართველოს ისტორია. ხეთური რელიგია. ხეთური კულტურა. ქართული კულტურის ისტორია. | ||
| 700 |
_aინაძე, მ _eრედაქტორი _918746 |
||
| 700 |
_aტატიშვილი, ი _eრედაქტორი _93867 |
||
| 856 | _u | ||
| 942 |
_2udc _cBK |
||